Trophées UNFP : Meilleur Joueur de Ligue 1 - Statistiques

Statistiques générales
  • Ce quiz a été pris 968 fois
    306 depuis la dernière actualisation
  • Le résultat moyen est 18 sur 31
Statistiques - réponses
Hint Réponse % Correct
2019 Kylian Mbappé
100%
2021 Kylian Mbappé
100%
2022 Kylian Mbappé
100%
2023 Kylian Mbappé
100%
2024 Kylian Mbappé
100%
2025 Ousmane Dembélé
96%
2017 Edinson Cavani
91%
2013 Zlatan Ibrahimović
91%
2014 Zlatan Ibrahimović
91%
2016 Zlatan Ibrahimović
91%
2018 Neymar
90%
2015 Alexandre Lacazette
74%
2008 Karim Benzema
69%
2006 Juninho
65%
2011 Eden Hazard
63%
2012 Eden Hazard
63%
1996 Zinédine Zidane
57%
2009 Yoann Gourcuff
55%
2002 Pauleta
46%
2003 Pauleta
46%
2004 Didier Drogba
35%
1997 Sonny Anderson
30%
2010 Lisandro López
27%
1994 David Ginola
25%
2007 Florent Malouda
24%
2005 Michael Essien
23%
2001 Éric Carrière
16%
1998 Marco Simone
11%
2000 Marcelo Gallardo
8%
1999 Ali Benarbia
6%
1995 Vincent Guérin
5%
Aucun quiz correspondant
Distribution des résultats
% des personnes avec chaque résultat
Percentile par nombre de réponses
Votre historique - résultats
Vous n’avez pas pris ce quiz depuis la dernière actualisation